000 00420nam a2200157Ia 4500
005 20250404060919.0
008 240331s9999 xx 000 0 und d
020 _a9559161032
082 _bSIR
_a894
245 0 _aSiripalapura mahaththiya
260 _aNugegoda
_bIlankai Sootraadal Vekujana thodarbalar Peravai
_c1994
300 _a128 p .,
650 _aShort Stories
700 _aWickremaratne,D.
_eedt
942 _cL
999 _c4648
_d4648